000 00922nac a22002777a 4500
001 BR6006531
003 BR-BrBNA
005 20240105113151.0
008 230509b bl.|||m| |||| 00| 0 por d
040 _aBR-BrBNA
_bpor
_cBiblioteca Nacional de Agricultura
072 _aQ10
090 _a9420 BR6006531
100 1 _aEarp, J. de S.
110 1 _aDepartamento Nacional da Producao Animal, Rio de Janeiro, GB (Brasil). Inst. de Biologia Animal;
_93209
110 1 _aServico de Informacao Agricola, Rio de Janeiro, GB (Brasil)
245 1 _aAnalise pratica de manteiga e margarina [Tecnologia de alimento; Brasil]
250 1 _a3. ed.
260 3 _aRio de Janeiro, GB (Brasil):
_c1943.
300 _a15 p.
490 _aSIA (Brazil)
_vno. 662
_x
650 _aTecnologia de alimento
650 _aManteiga
650 _aMargarina
909 _a202312
_bLúcia Elande
_c55
_dLúcia Elande
942 _2AGRIS
_n0
_cMS
999 _c262259
_d262259